Legal aspects of HIV/AIDS : a guide for policy and law reform /

:"This is a resource for lawyers, policy makers, and other practitioners with an interest in countries' responses to HIV/AIDS. Legal Aspects of HIV/AIDS: A Guide for Policy and Law Reform covers 65 topics in a concise, accessible format, explaining how laws and regulations can either under...

Description complète

Enregistré dans:
Détails bibliographiques
Autres auteurs: Gable, Lance
Format: Livre
Publié: Washington, D.C. : World Bank, c2007.
Sujets:
Accès en ligne:http://www.loc.gov/catdir/toc/ecip0719/2007023124.html
Tags: Ajouter un tag
Pas de tags, Soyez le premier à ajouter un tag!

MARC

LEADER 00000cam a22000004a 4500
020 |a 9780821371053   |c TZS 16,142.31  
040 |a MUL  |b eng.  |e AACR 
082 0 0 |a 344.04 LEG 
245 0 0 |a Legal aspects of HIV/AIDS :  |b a guide for policy and law reform /  |c Lance Gable ... [et al.]. 
260 |a Washington, D.C. :  |b World Bank,  |c c2007. 
300 |a xix, 225 p. ;  |c 23 cm. 
500 |a "Global HIV/AIDS program and legal vice presidency, the World Bank." 
504 |a Includes bibliographical references and index. 
505 |a Public health policies and practices People living with HIV : discrimination Disclosure and exposure Injecting drug use Sex work Men having sex with men Women Children Clinical research Information Access to medicines World Bank policies and procedures 
520 |a :"This is a resource for lawyers, policy makers, and other practitioners with an interest in countries' responses to HIV/AIDS. Legal Aspects of HIV/AIDS: A Guide for Policy and Law Reform covers 65 topics in a concise, accessible format, explaining how laws and regulations can either underpin or undermine public health programs and responsible personal behavior. For each topic, the Guide summarizes the key legal or policy issues, provides relevant "practice examples" (citing actual laws and regulations) and offers a list of references that may be consulted for more information."--Jacket 
546 |a eng 
650 0 |a AIDS (Disease) 
650 0 |a AIDS (Disease) 
650 0 |a Public health laws. 
650 0 |a AIDS (Disease) 
700 1 |a Gable, Lance. 
856 4 1 |u http://www.loc.gov/catdir/toc/ecip0719/2007023124.html 
942 |c BK 
999 |c 1007  |d 1007